000 00886nam a2200229Ii 4500
003 JO-AjNU
008 230605s9999||||xx |||||||||||||| ||und||
017 _a2003/17411
020 _a977-01-8883-2
040 _aJO-AjNU
_bara
_erda
_cJO-AjNU
041 _aara
050 1 4 _aPN2071 2003
100 3 _aتأليف ويلسون، جلين ؛ ترجمة شاكر عبد الحميد ؛ مراجعة محمد عناني,
_eauthor
_918633
245 0 0 _aعلم النفس وفنون الأداء، الجزء الثاني
264 3 1 _aالقاهرة: مكتبة الأسرة،2003 ؛ مهرجان القراءة للجميع 2003
300 _aج2، 423ص
336 _atext
_btxt
_2rdacontent
337 _aunmediated
_bn
_2rdamedia
338 _avolume
_bnc
_2rdacarrier
490 0 _aسلسلة الأعمال الفكرية
650 4 _aعلم النفس - فن الأداء
_918634
999 _aA5996
_c9564
_d9564